000 01469nam a22002417a 4500
001 3443
003 FISKH
005 20241211143617.0
008 240306b cb ||||| |||| 00| 0 eng d
040 _aFISK
_beng
_cFISK
_dFISK
082 _a823.92
100 _aMeres Jonathan
_d1958-
245 _aMay be recycled /
_cJonathan Meres
260 _aLondon :
_bThe watts publishing group,
_c2016
300 _a248 pages :
_billustrations,
_c20 cm
490 _3The world of norm
_abook 11
505 _aM
520 _aThe eleventh hilarious title in the award-winning, laugh-out-loud series, The World of Norm. Perfect for fans of Tom Gates and Diary of a Wimpy Kid. Norm knew it was going to be one of those days when he woke up and nothing happened ... Home alone and the fridge to himself? What could possibly go wrong? Well, apart from the snails. And having to hang his mum's pants out to dry. And the dreaded perfect cousins paying a visit. And worst of all, the entire family going vege-flipping-tarian! But apart from that, what could possibly go wrong? You'd think Norm would know better by now, wouldn't you? ABSO-FLIPPING-LUTELY! With brilliantly funny illustrations throughout from Donough O'Malley. Praise for Jonathan Meres: 'Hilarious stuff from one of my comic heroes!' - Harry Hill 'Jonathan Meres is flipping funny!' - Eddie Izzard
521 8 _aestimates,
_bLexiles
700 _aJonathan Meres
942 _2ddc
_cBK
_n0
999 _c3443
_d3443